Chuỗi đời bất tận Life after life :Tiểu thuyết T.2

Ngày 11 tháng 2 năm 1910, vào một đêm tuyết rơi lạnh giá, Ursula được sinh ra. Nhưng không may, cô bé bị dây rốn quấn quanh cổ và chết. Ngày 11 tháng 2 năm 1910, vào một đêm tuyết rơi lạnh giá, Ursula được sinh ra. Bác sĩ cắt dây rốn, cô bé đươ...

Celý popis

Uloženo v:
Podrobná bibliografie
Hlavní autor: Atkinson, Kate
Další autoři: Khánh Vân
Médium: Kniha
Jazyk:Undetermined
Vydáno: H. Lao động 2018
Témata:
On-line přístup:http://lrc.tdmu.edu.vn/opac/search/detail.asp?aID=2&ID=36954
Tagy: Přidat tag
Žádné tagy, Buďte první, kdo otaguje tento záznam!
Thư viện lưu trữ: Trung tâm Học liệu Trường Đại học Thủ Dầu Một
LEADER 01834nam a2200241Ia 4500
001 TDMU_36954
008 210410s9999 xx 000 0 und d
082 |a 428 
090 |b A110 
100 |a Atkinson, Kate 
245 0 |a Chuỗi đời bất tận 
245 0 |b Life after life :Tiểu thuyết 
245 0 |c Kate Atkinson; Khánh Vân dịch 
245 0 |n T.2 
260 |a H. 
260 |b Lao động 
260 |c 2018 
300 |a 359tr. 
520 |a Ngày 11 tháng 2 năm 1910, vào một đêm tuyết rơi lạnh giá, Ursula được sinh ra. Nhưng không may, cô bé bị dây rốn quấn quanh cổ và chết. Ngày 11 tháng 2 năm 1910, vào một đêm tuyết rơi lạnh giá, Ursula được sinh ra. Bác sĩ cắt dây rốn, cô bé được cứu sống. Nhưng năm bốn tuổi, cô bé lại bị rơi xuống biển và chết. Ngày 11 tháng 2 năm 1910, vào một đêm tuyết rơi lạnh giá, Ursula được sinh ra. Cô sống. Nhưng năm năm tuổi, cô bé lại bị rơi ra ngoài cửa sổ và chết. Ursula cứ sinh ra rồi chết đi, và lại sinh ra để được sống, cứ như vậy qua cuộc Chiến tranh Thế giới thứ Nhất, rồi Chiến tranh Thế giới thứ Hai. Chuỗi đời của Ursula dường như bất tận, cho đến một ngày, cô quyết định tự mình thay đổi thế giới... 
650 |a Văn học Anh  |v Tiểu thuyết; Tiểu thuyết Anh 
700 |a Khánh Vân 
856 |u http://lrc.tdmu.edu.vn/opac/search/detail.asp?aID=2&ID=36954 
980 |a Trung tâm Học liệu Trường Đại học Thủ Dầu Một